000 00392pab a2200145 454500
008 180718b1986 xxu||||| |||| 00| 0 eng d
100 _aHalachmi, Arie
245 _aCivil service and accountability
_bReflections on the U.S. experience
260 _c1986
300 _a303-14
362 _aOct.-Dec.
650 _aCivil Service - U.S.A.
773 _aManagement in Government
909 _a5855
999 _c5855
_d5855